00745nab a2200217 uc450000100070000000500170000700800410002403500110006503500210007604000130009704100080011010000390011824500990015765000260025665000220028265000270030465000270033165000280035865000220038677301190040890421320240201194342.0041216s2004 eng  a904213 a(OCoLC)820302914 ccomduadb aeng10aSullivan, Joann Hammadou4auteaut10aIdentifying the best foreign language teachers : teacher standards and professional portfolios 0aProfesores de lenguas aLanguage teachers aPortafolio profesional aProfessional portfolio aEstandares del profesor aTeacher standards0 tThe Modern Language Journal (Estados Unidos)gVol. 88, No. 03, Autumn, 2004, p. 390-402w683727x0026-79020204738